000 02011nam a22004457a 4500
003 CHAP
005 20220329143353.0
008 090109s2008 mx r 00010 spa d
010 _a95627
011 _a96599
035 _a107253
040 _cCHAP
082 0 4 _a152.4
_bH43
100 0 0 _aHernández Delgado, Jaime.
_953947
245 1 0 _aTeoría de las emociones :
_blas pasiones
_c/por Jaime Hernández Delgado
260 _aMexico :
_bUACH,
_c2008
300 _avii, 94 p.
590 _aBATCH-UPD
_b10
_c20130110
_lUCH01
_h0549
590 _aBATCH-UPD
_b10
_c20130410
_lUCH01
_h0230
590 _aBATCH-UPD
_b10
_c20130914
_lUCH01
_h1026
590 _aCONVERSION
_b10
_c20130109
_lUCH01
_h1353
650 1 4 _aConducta (Psicología)
_926343
650 1 4 _aPsicología patológica.
_992614
650 1 4 _aPsicología social.
_992616
650 1 4 _aPsicología
_xFilosofía.
_992602
901 _aBK
942 _cLIBRO
949 _a152.4 H43
_bBC
_cLIBRO
_d33724002079298
_eLIBRO
_fc.2
_gDonaciØn
_h110324
_i107253
_si
949 _a152.4 H43
_bBC
_cLIBRO
_d33724002127504
_eLIBRO
_fc.3
_gDonaciØn
_h111198
_i107253
_sb
949 _a152.4 H43
_bBC
_cLIBRO
_d33724002127545
_eLIBRO
_fc.6
_gI.c/e
_h111679
_i107253
_sb
949 _a152.4 H43
_bBC
_cLIBRO
_d33724002127587
_eLIBRO
_fc.4
_gI.c/e
_h111665
_i107253
_sb
949 _a152.4 H43
_bBC
_cLIBRO
_d33724002127629
_eLIBRO
_fc.5
_gI.c/e
_h111666
_i107253
_si
949 _a152.4 H43
_bBC
_cLIBRO
_d33724002127660
_eLIBRO
_fc.8
_gI.c/e
_h111706
_i107253
_sb
949 _a152.4 H43
_bBC
_cLIBRO
_d33724002127702
_eLIBRO
_fc.9
_gI.c/e
_h111707
_i107253
_sb
949 _a152.4 H43
_bBC
_cLIBRO
_d33724002127743
_eLIBRO
_fc.10
_gI.c/e
_h111713
_i107253
_sb
949 _a152.4 H43
_bBC
_cLIBRO
_d33724002127785
_eLIBRO
_fc.11
_gI.c/e
_h111714
_i107253
_si
949 _a152.4 H43
_bBC
_cLIBRO
_d33724002127827
_eLIBRO
_fc.12
_gI.c/e
_h111715
_i107253
_sb
949 _a152.4 H43
_bBC
_cLIBRO
_d33724002127868
_eLIBRO
_fc.7
_gI.c/e
_h111683
_i107253
_sb
949 _a152.4 H43
_bBC
_cUACH
_d33724002078538
_eUACH
_gDonaciØn
_h110324
_i107253
_sb
999 _c95627
_d95627